00686nam a2200241 a 4500001001300000003000900013005001700022008004100039020000900080082002300089100002900112245002400141260003300165300000900198500003500207650001800242650002200260700002900282902000800311942000700319952010300326999001500429nice12345678IN_TiNIC20260116012753.0070410s1982 hyda grp 000 0 urd  ac1500a323.39710954bHUS2 aHussaini, S Khaleelullah aHindustani Musalman aHyderabadbDaira Pressc1982 a192p aincludes index and biblioraphy aMuslims-India aCommunalism-India1 aHussaini, S Khaleelullah bSRS cBK 00104070aHMIbHMId2007-04-10g15.00l0o323.39710954 HUS2p010619r2007-04-10w2026-01-16yEB c8304d8304